| 000 | 01268naa a22003137a 4500 | ||
|---|---|---|---|
| 001 | BR8900984 | ||
| 003 | BR-BrBNA | ||
| 005 | 20250721155345.0 | ||
| 007 | ta | ||
| 008 | 250630b bl.|||m| |||| 00| 0 por d | ||
| 040 |
_aBR-BrBNA _bpor _cBiblioteca Nacional de Agricultura |
||
| 041 | _a(Pt) | ||
| 072 |
_aF30; F50; E16 _b0120 |
||
| 090 | _aF30 BR8900984 | ||
| 100 | 1 | _aFerrao, R.G. | |
| 100 | 1 | _aSilva, J.C. | |
| 100 | 1 | _aCruz, C.D. | |
| 111 | 1 |
_a16. Congresso Nacional de Milho e Sorgo (Brazil) _cBelo Horizonte, MG (Brazil) _d4-8 Aug 1986 |
|
| 245 | 1 | _aAnalise da capacidade combinatoria de linhagens de milho (Zea mays L.), quanto ao angulo de insercao da folha no colmo em um sistema dialetico incompleto | |
| 500 | _a16. Congresso Nacional de Milho e Sorgo. Anais Sete Lagoas, MG (Brasil): 1988. p. 392-402 [Summaries (En, Pt); 5 tables; 11 ref.] (BR8900984-AMS) | ||
| 773 | 0 |
_t16. Congresso Nacional de Milho e Sorgo. Anais _wF30 BR8900984 _gSete Lagoas, MG (Brasil), 1988. p. 392-402 |
|
| 650 | _aMILHO | ||
| 650 | _aVARIEDADE | ||
| 650 | _aANATOMIA VEGETAL | ||
| 650 | _aPRODUTIVIDADE | ||
| 490 |
_aDocumentos - Centro Nacional de Pesquisa de Milho e Sorgo (Brazil) _vno. 6 |
||
| 942 |
_cAMS _2AGRIS |
||
| 909 |
_a202506 _bLúcia _c55 _dLúcia Elande |
||
| 999 |
_c336047 _d336047 |
||